| 000 | 00557nam a2200193Ia 4500 | ||
|---|---|---|---|
| 005 | 20250326141029.0 | ||
| 008 | 250326s9999 xx 000 0 und d | ||
| 020 | _a0-415-19490-3 | ||
| 037 | _aTextbook | ||
| 040 |
_aFMSL _beng _cFMSL |
||
| 041 |
_aeng _2eng |
||
| 084 |
_aX:9.5 N9 _qFMSL |
||
| 100 | _aBrewster Chris | ||
| 245 | 0 |
_aInternational H R M: Contemporary issue in Europe _cBrewster Chris; Harris Hilary |
|
| 260 |
_aLondon _bLondon, Routledge _c1999 |
||
| 300 | _axii,308 | ||
| 942 |
_cTB _hX:9.5 N9 |
||
| 999 |
_c1288377 _d1288377 |
||